Types of drug abusers and their abuses (Record no. 707)

MARC details
000 -LEADER
fixed length control field 00947pam a2200301 4500
005 - DATE AND TIME OF LATEST TRANSACTION
control field 20260322212031.0
008 - FIXED-LENGTH DATA ELEMENTS--GENERAL INFORMATION
fixed length control field data
010 ## - LIBRARY OF CONGRESS CONTROL NUMBER
LC control number 73009651
020 ## - INTERNATIONAL STANDARD BOOK NUMBER
International Standard Book Number 0398029288
020 ## - INTERNATIONAL STANDARD BOOK NUMBER
International Standard Book Number 9780398029289
040 ## - CATALOGING SOURCE
Original cataloging agency DLC
Transcribing agency DLC
Modifying agency YUS
-- YUS
049 ## - LOCAL HOLDINGS (OCLC)
Holding library YU31
050 0# - LIBRARY OF CONGRESS CALL NUMBER
Classification number HV5801
Item number .C78
060 00 - NATIONAL LIBRARY OF MEDICINE CALL NUMBER
Classification number WM 270
Item number T991 1974
096 ## - LOCALLY ASSIGNED NLM-TYPE CALL NUMBER (OCLC)
Classification number WM 270 C897t 1974
001 - CONTROL NUMBER
control field data
100 1# - MAIN ENTRY--PERSONAL NAME
Personal name Cull, John G.
245 10 - TITLE STATEMENT
Title Types of drug abusers and their abuses
Statement of responsibility, etc. [by] John G. Cull [and] Richard E. Hardy.
260 ## - PUBLICATION, DISTRIBUTION, ETC.
Place of publication, distribution, etc. Springfield, Ill.,
Name of publisher, distributor, etc. Thomas
Date of publication, distribution, etc. [1974]
300 ## - PHYSICAL DESCRIPTION
Extent xv, 209 p.
Dimensions 24 cm.
490 0# - SERIES STATEMENT
Series statement American lecture series, publication no. 920. A publication in the Bannerstone division of American lectures in social and rehabilitation psychology
504 ## - BIBLIOGRAPHY, ETC. NOTE
Bibliography, etc. note Includes bibliographies.
590 ## - LOCAL NOTE (RLIN)
Local note Includes bibliographies
650 #0 - SUBJECT ADDED ENTRY--TOPICAL TERM
Topical term or geographic name entry element Drug abuse.
650 #0 - SUBJECT ADDED ENTRY--TOPICAL TERM
Topical term or geographic name entry element Alcoholism.
650 #2 - SUBJECT ADDED ENTRY--TOPICAL TERM
Topical term or geographic name entry element Substance-Related Disorders.
700 1# - ADDED ENTRY--PERSONAL NAME
Personal name Hardy, Richard E.
Holdings
Withdrawn status Lost status Damaged status Not for loan Home library Current library Shelving location Date acquired Total checkouts Full call number Barcode Date last seen Price effective from Koha item type
        Midway Midway General stacks 22/03/2026   HV5801 .C78 BC0010724 22/03/2026 22/03/2026 Books